| 000 | 01215nam a22002777a 4500 | ||
|---|---|---|---|
| 005 | 20240530110511.0 | ||
| 008 | 151101s2011 ua a g 000 0 ara d | ||
| 017 |
_a2011/2785 _bمصر . دار الكتب المصرية |
||
| 040 | _aEG-CaGPL | ||
| 082 | 0 | 4 |
_221 _a327.16\ _bك أ |
| 100 | 1 | _aكار ، وليام غاى | |
| 245 | 1 | 0 |
_aاحجار على رقعة شطرنج : _bالتطبيق العملى للبروتوكولات : حقائق و خفايا / _cبقلم وليم غاى كار ؛ تحليل و اعداد يوسف حسن المصرى . |
| 650 | 0 | 4 |
_aاليهود _xتاريخ . |
| 650 | 0 | 4 | _aالثورة الروسية 1917 . |
| 650 | 0 | 4 | _aالثورة الانجليزية ( 1640 - 1660 ) . |
| 650 | 0 | 4 | _aالثورة الفرنسية 1789 . |
| 650 | 0 | 4 | _aالحروب الصليبية . |
| 650 | 0 | 4 |
_aاليهود _xالاصل . |
| 650 | 0 | 4 | _aالثورة الاسبانية . |
| 650 | 0 | 4 | _aالحرب العالمية الثانية . |
| 650 | 0 | 4 | _aالحرب العالمية الاولى . |
| 650 | 0 | 4 |
_aاليهود _xاحوال اقتصادية . |
| 700 | 0 |
_aيوسف حسن المصرى . _eمعد . |
|
| 942 |
_2ddc _cBK |
||
| 999 |
_c61675 _d61675 |
||